Supreme Command Soldiers, Statesmen and Leadership in Wartime / (Record no. 616483)

000 -LEADER
fixed length control field 00391nam a22001337a 4500
020 ## - INTERNATIONAL STANDARD BOOK NUMBER
Qualifying information HB.
040 ## - CATALOGING SOURCE
Transcribing agency Fizza Ishaq
082 ## - DEWEY DECIMAL CLASSIFICATION NUMBER
Classification number 940.54
Author Mark ELI
100 ## - MAIN ENTRY--PERSONAL NAME
Personal name Eliot, A. Cohen.
9 (RLIN) 133552
245 ## - TITLE STATEMENT
Title Supreme Command Soldiers, Statesmen and Leadership in Wartime /
Statement of responsibility, etc. Eliot A. Cohen
260 ## - PUBLICATION, DISTRIBUTION, ETC.
Place of publication, distribution, etc. New York :
Name of publisher, distributor, etc. Free Press,
Date of publication, distribution, etc. 2002.
300 ## - PHYSICAL DESCRIPTION
Extent 288 p. ;
Dimensions 6.13 x 1 x 9.25 inches
942 ## - ADDED ENTRY ELEMENTS (KOHA)
Source of classification or shelving scheme
Koha item type Book
Holdings
Withdrawn status Lost status Source of classification or shelving scheme Damaged status Not for loan Permanent Location Current Location Shelving location Date acquired Total Checkouts Full call number Barcode Date last seen Price effective from Koha item type
          NUST Baluchistan Campus (NBC) NUST Baluchistan Campus (NBC) General Stacks 03/03/2026   940.54 ELI QD-490 03/03/2026 03/03/2026 Book
© 2023 Central Library, National University of Sciences and Technology. All Rights Reserved.